• 首页
  • 本馆介绍
  • 公告通知
  • 最新文献
  • 馆藏检索
  • 电子资源
  • 读者导购
  • 参考咨询
  • 我的图书馆
  • 登录
  • 详细信息显示
  • 放入我的书架
  • 预约/预借图书
  • 作者相关作品
  • 分类相关作品
  • 丛书相关作品
  • 出版社相关作品

书目信息

  • 表格格式
  • 工作单格式
  • 卡片格式
题名:
中国银行间债券市场信用评级行业年度报告
    
 
作者: 时文朝 主编
分册: 2012  
出版信息: 北京   中国金融出版社  2013
页数: 167页
开本: 29cm
丛书名:
单 册:
中图分类: F832.51
科图分类:
主题词: 银行业务--债券市场--信用评估--研究报告--中国--2010 , 银行业务 , 债券市场 , 信用评估
电子资源:
ISBN: 978-7-5049-7056-5
000 01768nam0 22002891 450
001 524
005 20140909165133.28
010    @a978-7-5049-7056-5@dCNY76.00
100    @a20131105d2013 em y0chiy50 ea
101 0  @achi
102    @aCN@b110000
105    @ay z 000yy
106    @ar
200 1  @a中国银行间债券市场信用评级行业年度报告@AZhong Guo Yin Hang Jian Zhai Quan Shi Chang Xin Yong Ping Ji Hang Ye Nian Du Bao Gao@h2012@dAnnual report of credit rating industry in China inter-bank bond market@h2012@f中国银行间市场交易商协会《中国银行间债券市场信用评级行业年度报告(2012)》编写组[编]@FZhong Guo Yin Xing Jian Shi Chang Jiao Yi Shang Xie Hui《 Zhong Guo Yin Xing Jian Zhai Quan Shi Chang Xin Yong Ping Ji Xing Ye Nian Du Bao Gao (2012)》 Bian Xie Zu [ Bian ]@zeng
210    @a北京@c中国金融出版社@d2013
215    @a167页@d29cm
314    @a主编:时文朝
330    @a本报告分为四个部分:第一部分简要描述了2012年我国信用评级行业所处的银行间债券市场的环境、政策法规与监管环境,并对公司债券、信贷市场等其他评级市场进行了介绍;第二部分从评级市场基础设施建设、评级业务表现、评级市场表现、主要行业主体信用级别分布情况及信用等级迁移等角度介绍了我国银行间债券市场评级行业的发展现状;第三部分重点分析信用评级行业发展所面临的问题,并探讨了评级行业的发展方向;第四部分主要介绍了美国、欧盟等地区的评级监管以及全球评级行业的最新发展动态,梳理了年内国际评级机构的重大评级事件。
510 1  @aAnnual report of credit rating industry in China inter-bank bond market@h2012@zeng
606 0  @a银行业务@x债券市场@x信用评估@x研究报告@y中国@z2010
606 0  @a银行业务
606 0  @a债券市场
606 0  @a信用评估
690    @aF832.51@v5
701  0 @a时文朝@AShi Wen Chao@f(1965~)@4主编
801  0 @aCN@bTANGWEI@c20140603
905    @b0836316-18@dF832.51@e112@f3
    
    中国银行间债券市场信用评级行业年度报告.2012=Annual report of credit rating industry in China inter-bank bond market.2012/中国银行间市场交易商协会《中国银行间债券市场信用评级行业年度报告(2012)》编写组[编].-北京:中国金融出版社,2013
    167页;29cm
    
    
    ISBN 978-7-5049-7056-5:CNY76.00
    本报告分为四个部分:第一部分简要描述了2012年我国信用评级行业所处的银行间债券市场的环境、政策法规与监管环境,并对公司债券、信贷市场等其他评级市场进行了介绍;第二部分从评级市场基础设施建设、评级业务表现、评级市场表现、主要行业主体信用级别分布情况及信用等级迁移等角度介绍了我国银行间债券市场评级行业的发展现状;第三部分重点分析信用评级行业发展所面临的问题,并探讨了评级行业的发展方向;第四部分主要介绍了美国、欧盟等地区的评级监管以及全球评级行业的最新发展动态,梳理了年内国际评级机构的重大评级事件。
●
相关链接 在E读中查询图书 在五车中查询图书 在当当中查询图书 在豆瓣中查询图书


正题名:中国银行间债券市场信用评级行业年度报告     索取号:F832.51/112         预约/预借

序号 登录号 条形码 馆藏地/架位号 状态 备注
1 0836316   208363162   第一样本阅览室/ [索取号:F832.51/112] 在馆    
2 0836317   208363171   第一借阅区/ [索取号:F832.51/112] 在馆    
3 0836318   208363180   密集书库-海洋学院/ [索取号:F832.51/112] 在馆    
唐山师范学院图书馆 欢迎您!
大连网信软件有限公司© 版权所有